000 00358nam a2200109 4500
999 _c507535
_d507535
082 _aL906x54 C/1991-92/No.1 &No.6 1992-93/ No.1 No. 2
100 _aUnion Government (Civil)
_91916
245 _aReport of the Comptroller and Auditor General of India, 1991-93
260 _aNew Delhi
_bComptroller and Auditor General of India
300 _av.p.
942 _2ddc